[Event "GER Seniors Derby 05th"]
[Site "Wesel Undeloh"]
[Date "2006.04.22"]
[Round "6"]
[White "Boelter, Hans Joachim"]
[Black "Charatsidis, Christos"]
[Result "1/2-1/2"]
[WhiteElo "1626"]
[BlackElo "1500"]
[PlyCount "136"]
[EventDate "2006.04.20"]
[EventType "swiss"]
[EventRounds "7"]
[EventCountry "GER"]
[SourceTitle "EXT 2007"]
[Source "ChessBase"]
[SourceDate "2006.11.23"]
[SourceVersion "1"]
[SourceVersionDate "2006.11.23"]
[SourceQuality "1"]

1. d4 d5 2. c4 e6 3. Nc3 Nf6 4. Bg5 Be7 5. Nf3 c6 6. e3 h6 7. Bh4 0-0 8. Bd3 Nbd7 9. 0-0 Nh7 10. Bg3 f5 11. Ne5 Nxe5 12. Bxe5 Bf6 13. f4 Bd7 14. Be2 Bxe5 15. dxe5 Qe7 16. a3 Rab8 17. b4 Be8 18. Na4 b6 19. c5 b5 20. Nc3 Kh8 21. Bf3 Rg8 22. g3 g5 23. Ne2 h5 24. Nd4 g4 25. Be2 Nf8 26. Kg2 h4 27. Qd2 Qh7 28. Rh1 h3+ 29. Kf2 Qc7 30. a4 a6 31. Ra2 Bd7 32. Rha1 Ng6 33. axb5 axb5 34. Ra7 Rb7 35. Ra8 Rxa8 36. Rxa8+ Kh7 37. Qa2 Kg7 38. Qa6 Kf7 39. Bd3 Nf8 40. Bxb5 cxb5 41. c6 Bxc6 42. Qxc6 Qxc6 43. Nxc6 Rc7 44. Ra7 Rxa7 45. Nxa7 Ke7 46. Nxb5 Kd7 47. Nd4 Kc7 48. Ke2 Kd7 49. Kd3 Ng6 50. Kc3 Ne7 51. b5 Nc8 52. Nc2 Nb6 53. Na3 Kc7 54. Kb4 Kb7 55. Kc5 Kc7 56. Kb4 Kb7 57. Kc3 Na4+ 58. Kd2 Kb6 59. Nc2 Nc5 60. Nd4 Ne4+ 61. Ke1 Nc5 62. Ke2 Ka5 63. Kf1 Kb6 64. Kf2 Ne4+ 65. Kg1 Nc5 66. Kf2 Ne4+ 67. Kg1 Nc5 68. Kf2 Ne4+ 1/2-1/2